Garcilaso : obras /

Garcilaso de la Vega (1501-1536), poeta español, nació en Toledo, de ilustre familia. A pesar de su enorme importancia, la obra poética de Garcilaso es una de las más breves de la literatura española: se reduce a tres églogas, dos elegías, una epístola, cinco canciones, treinta y ocho sonetos, unas...

Descripción completa

Guardado en:
Detalles Bibliográficos
Autor principal: Vega, Garcilaso de la (autor)
Otros autores: Navarro Tomás, Tomás (edición y notas) (edición y notas)
Formato: Libro
Idioma:Español
Publicado: Madrid, España : Espasa-Calpe, 1948, c1948
Edición:4a edición
Colección:(Clásicos Castellanos ; 3)
Temas:
Etiquetas: Agrega una etiqueta
Sin etiquetas, Sé el primero en etiquetar este registro!

MARC

LEADER 00000nam^a2200000^a^4500
001 000147014
005 20250521000000.0
009 20260310095933.261
037 |a Acervo ITESO - Biblioteca 
041 |a ESP 
082 |a 861.  |b VEG 
100 |a Vega, Garcilaso de la  |e (autor) 
245 1 0 |a Garcilaso :  |b obras /  |c G. de la Vega ; ed. y notas de T. Navarro Tomás. 
250 |a 4a edición 
264 4 |a Madrid, España :  |b Espasa-Calpe,  |c 1948, c1948 
300 |a LXIV, 269 p. 
336 |a texto  |b txt  |2 rdacontenido 
337 |a sin mediación  |b n  |2 rdamedio 
338 |a volumen  |b nc  |2 rdasoporte 
440 1 |a (Clásicos Castellanos ;  |v 3) 
520 |a Garcilaso de la Vega (1501-1536), poeta español, nació en Toledo, de ilustre familia. A pesar de su enorme importancia, la obra poética de Garcilaso es una de las más breves de la literatura española: se reduce a tres églogas, dos elegías, una epístola, cinco canciones, treinta y ocho sonetos, unas pocas composiciones siguiendo las características de la lírica tradicional y tres odas en latín. A pesar de ello, ejerció una influencia considerable en la lírica española, pues con él se produjo la ruptura formal y temática con la Edad Media, al introducir las estrofas (silva, lira, octava, soneto), los metros (heptasílabo y endecasílabo) y los temas (mitología, amor y bucolismo) propios de la literatura renacentista italiana. La primera edición de sus obras data de 1543, reunidas por su amigo Juan Boscán (1487-1542) y editadas por la viuda de éste como Las obras de Boscán y algunas de Garcilazo de la Vega; posteriormente se hicieron ediciones en que se separaban los trabajos de ambos poetas, hasta que el hispanista Tomás Navarro Tomás realizó la edición definitiva de la poesía de Garcilaso en 1911. 
520 |a En esta obra, el autor intenta reconstruir el salto que dio Garcilaso del cancionero hacia las églogas, a partir del análisis minucioso de los motivos poéticos, la tradición literaria que seguían y los rasgos personales del poeta. Se ilustra, también, la manera en que el poeta infundió acento español a temas italianizantes y grecolatinos. 
649 |a XX 
650 |a Escritores Españoles 
650 |a Poesía Española 
650 |a Literatura Española -  |y Siglo XVI 
650 |a Literatura Española -  |y Epoca Clásica, 1500-1700 
650 |a Literatura Española -  |x Historia y Crítica 
650 |a Literatura Barroca -  |z España -  |x Historia y Crítica 
650 |a Renacimiento -  |z España 
650 |a Vega, Garcilaso de la -  |x Tema Principal 
700 |a Navarro Tomás, Tomás  |e (edición y notas) 
910 |a Fondo General 
920 |a Impresos - Libros 
930 |a Colección General 
940 |a Literatura 
905 |a 101 
901 |a 0500076587  |b IT1  |c LIT  |u 20250521 
902 |a https://opac.biblio.iteso.mx/vufind/Record/000147014